000 00345nam a2200121Ia 4500
008 210430s9999 xx 000 0 und d
020 _a978-616-90836-3-4
082 _aP349U 628.164
100 _aGraeme K Pearce
_954496
245 _aUF / MF Membrane Water Treatment Principles and Design
_cGraeme K Pearce
300 _a386
942 _cBK
_2ddc
999 _c565105
_d565105